[Event "46th GRE-chT Premier 2018"]
[Site "Rio Achaia"]
[Date "2018.07.15"]
[Round "7"]
[White "Kratimenou, Maria"]
[Black "Karavitaki, Evaggelia"]
[Result "1/2-1/2"]
[WhiteElo "1207"]
[BlackElo "1723"]
[Annotator "NA"]
[PlyCount "81"]
[EventDate "2018.07.10"]
[EventType "team-tourn"]
[EventCountry "GRE"]
[SourceTitle "playchess.com"]
[Source "ChessBase"]
[SourceQuality "1"]

1. e4 c5 2. Nc3 e6 3. g3 Nc6 4. Bg2 Nf6 5. Nge2 Be7 6. O-O O-O 7. d3 a6 8. h3 d6 9. f4 Qc7 10. Be3 b5 11. Qd2 Bb7 12. g4 Nd7 13. g5 b4 14. Nd1 f6 15. h4 Nb6 16. Qe1 d5 17. exd5 exd5 18. Ng3 f5 19. Bd2 Bc8 20. h5 Qd6 21. Qf2 Bd7 22. Bh3 d4 23. Qh2 Nd5 24. Bg2 Rab8 25. Qh1 Nb6 26. b3 Na7 27. a4 a5 28. Nf2 Nc6 29. Nh3 Rbc8 30. Rfe1 Rce8 31. Bf3 Rc8 32. Qg2 Rb8 33. Re2 Rbc8 34. Rae1 Bd8 35. Qf2 Nd5 36. Qg2 Nb6 37. Qh1 Rc7 38. Qg2 Rc8 39. Qh1 Rc7 40. Qg2 Rc8 41. Qh1 1/2-1/2

[Event "46th GRE-chT Premier 2018"]
[Site "Rio Achaia"]
[Date "2018.07.15"]
[Round "7"]
[White "Tzachristas, Georgios"]
[Black "Rousos, Stamatios"]
[Result "0-1"]
[WhiteElo "1191"]
[BlackElo "1700"]
[Annotator "NA"]
[PlyCount "66"]
[EventDate "2018.07.10"]
[EventType "team-tourn"]
[EventCountry "GRE"]
[SourceTitle "playchess.com"]
[Source "ChessBase"]
[SourceQuality "1"]

1. e4 c5 2. Nc3 e6 3. f4 Nc6 4. Nf3 a6 5. d3 d5 6. Be2 Be7 7. O-O Nf6 8. e5 Nd7 9. Qe1 O-O 10. Qg3 f5 11. Qh3 d4 12. Nb1 Nb4 13. Bd1 b5 14. a3 Nd5 15. g4 Qb6 16. Kh1 Bb7 17. Rg1 c4 18. gxf5 Rxf5 19. Qh6 g6 20. Bd2 Ne3 21. Bxe3 dxe3 22. Be2 Nxe5 23. Rg3 Nxf3 24. Bxf3 Bxf3+ 25. Rxf3 Rh5 26. Qxh5 gxh5 27. Nc3 Qc6 28. Kg2 Kf7 29. Raf1 Rg8+ 30. Kh3 cxd3 31. cxd3 Ke8 32. Ne2 Qd5 33. Ng3 e2 0-1

[Event "46th GRE-chT Premier 2018"]
[Site "Rio Achaia"]
[Date "2018.07.15"]
[Round "7"]
[White "Mplitsa, Artemis"]
[Black "Basinas, Konstantinos"]
[Result "1/2-1/2"]
[WhiteElo "1182"]
[BlackElo "1383"]
[Annotator "NA"]
[PlyCount "63"]
[EventDate "2018.07.10"]
[EventType "team-tourn"]
[EventCountry "GRE"]
[SourceTitle "playchess.com"]
[Source "ChessBase"]
[SourceQuality "1"]

1. e4 c5 2. Nf3 d6 3. d4 cxd4 4. Nxd4 Nf6 5. Nc3 e6 6. Be2 Be7 7. O-O a6 8. a4 Qc7 9. Be3 Nc6 10. Qd2 Bd7 11. Kh1 Ne5 12. f4 Nc4 13. Bxc4 Qxc4 14. Qd3 Qxd3 15. cxd3 Rc8 16. Nce2 O-O 17. b3 Rc7 18. Rac1 Rfc8 19. Rxc7 Rxc7 20. Rc1 Rxc1+ 21. Bxc1 Kf8 22. h3 h5 23. Ba3 d5 24. Bxe7+ Kxe7 25. e5 Ne8 26. Kh2 f5 27. Kg3 Kf7 28. h4 g6 29. Kf3 Ke7 30. Ke3 Bc8 31. Kd2 Kd7 32. Kc3 1/2-1/2

[Event "46th GRE-chT Premier 2018"]
[Site "Rio Achaia"]
[Date "2018.07.15"]
[Round "7"]
[White "Isari, Angeliki"]
[Black "Matthaiaki, Nefeli"]
[Result "1-0"]
[WhiteElo "1153"]
[BlackElo "1266"]
[Annotator "NA"]
[PlyCount "69"]
[EventDate "2018.07.10"]
[EventType "team-tourn"]
[EventCountry "GRE"]
[SourceTitle "playchess.com"]
[Source "ChessBase"]
[SourceQuality "1"]

1. d4 d5 2. c4 e6 3. Nf3 Nf6 4. Bg5 Be7 5. e3 Nbd7 6. Bd3 b6 7. Nc3 Bb7 8. O-O O-O 9. Qe2 c5 10. cxd5 Nxd5 11. Bxe7 Qxe7 12. Rac1 Nxc3 13. Rxc3 Rac8 14. Rfc1 h6 15. a3 Qd6 16. Ba6 Bxa6 17. Qxa6 Rc7 18. b4 Nb8 19. dxc5 Nxa6 20. cxd6 Rxc3 21. Rxc3 Rd8 22. Rd3 Nb8 23. e4 f6 24. e5 Nd7 25. exf6 gxf6 26. Nd4 Kf7 27. Nc6 Rc8 28. b5 a6 29. a4 axb5 30. axb5 e5 31. f3 Ke6 32. Kf2 Ra8 33. g4 Ra2+ 34. Ke3 Rxh2 35. Nd8# 1-0

[Event "46th GRE-chT Premier 2018"]
[Site "Rio Achaia"]
[Date "2018.07.15"]
[Round "7"]
[White "Fertaki, Eleftheria"]
[Black "Paroglou, Marianna"]
[Result "1/2-1/2"]
[WhiteElo "1139"]
[BlackElo "1241"]
[Annotator "NA"]
[PlyCount "59"]
[EventDate "2018.07.10"]
[EventType "team-tourn"]
[EventCountry "GRE"]
[SourceTitle "playchess.com"]
[Source "ChessBase"]
[SourceQuality "1"]

1. e4 e6 2. d4 d5 3. Nc3 Bb4 4. e5 c5 5. a3 Bxc3+ 6. bxc3 Qb6 7. Nf3 Ne7 8. Be2 Nbc6 9. Qd3 Nf5 10. Qb5 cxd4 11. Qxb6 axb6 12. cxd4 Nfxd4 13. Nxd4 Nxd4 14. Bd3 Bd7 15. Be3 Nc6 16. f4 Nb4 17. Bxb6 Nxd3+ 18. cxd3 O-O 19. O-O Rfc8 20. d4 Bb5 21. Rfb1 Bc4 22. Bc5 b5 23. Rb4 h6 24. Kf2 Rcb8 25. Bd6 Rc8 26. Bc5 Rcb8 27. Bd6 Rc8 28. Bc5 Rcb8 29. Bd6 Rc8 30. Bc5 1/2-1/2

[Event "46th GRE-chT Premier 2018"]
[Site "Rio Achaia"]
[Date "2018.07.15"]
[Round "7"]
[White "Golegos, Antonis"]
[Black "Vlachos, Georgios"]
[Result "0-1"]
[WhiteElo "1136"]
[BlackElo "1334"]
[Annotator "NA"]
[PlyCount "114"]
[EventDate "2018.07.10"]
[EventType "team-tourn"]
[EventCountry "GRE"]
[SourceTitle "playchess.com"]
[Source "ChessBase"]
[SourceQuality "1"]

1. e4 e6 2. d4 d5 3. Nc3 Nf6 4. Bg5 dxe4 5. Nxe4 Be7 6. Bxf6 gxf6 7. Nf3 f5 8. Nc3 a6 9. Qd2 b5 10. O-O-O Bb7 11. Qe3 Nd7 12. Kb1 b4 13. Ne2 a5 14. Nf4 Bf6 15. Bd3 Nb6 16. Bxf5 Nd5 17. Nxd5 Bxd5 18. Bd3 a4 19. Rhg1 Qd6 20. Qh6 Ke7 21. Qe3 Rhb8 22. Bxh7 b3 23. cxb3 axb3 24. a3 Rb6 25. Kc1 c5 26. Kd2 cxd4 27. Nxd4 Bxd4 28. Qxd4 Be4 29. Qxd6+ Rxd6+ 30. Kc3 Rc8+ 31. Kxb3 Bxh7 32. Rxd6 Kxd6 33. Rd1+ Ke7 34. Rd4 Rc2 35. Rf4 e5 36. Rf3 Re2 37. g3 Bc2+ 38. Ka2 Bd1 39. Re3 Rxf2 40. Rxe5+ Kf6 41. Re1 Bg4 42. Re4 Be6+ 43. Rxe6+ Kxe6 44. h4 Rg2 45. a4 Rxg3 46. b3 Rg4 47. h5 Rh4 48. Ka3 Rxh5 49. Kb4 Kd6 50. a5 Kc6 51. Ka4 f5 52. b4 f4 53. b5+ Rxb5 54. a6 Kb6 55. a7 Ra5+ 56. Kb3 Rxa7 57. Kc3 Rd7 0-1

[Event "46th GRE-chT Premier 2018"]
[Site "Rio Achaia"]
[Date "2018.07.15"]
[Round "7"]
[White "Koukouliatas, Sotirios Georgios"]
[Black "Laspas, Antonios"]
[Result "1/2-1/2"]
[WhiteElo "1130"]
[BlackElo "1566"]
[Annotator "NA"]
[PlyCount "131"]
[EventDate "2018.07.10"]
[EventType "team-tourn"]
[EventCountry "GRE"]
[SourceTitle "playchess.com"]
[Source "ChessBase"]
[SourceQuality "1"]

1. d4 Nf6 2. Nf3 e6 3. Bf4 d5 4. e3 c5 5. Bb5+ Bd7 6. Bxd7+ Qxd7 7. c3 Nc6 8. O-O Be7 9. h3 O-O 10. Nbd2 cxd4 11. exd4 Rac8 12. Ne5 Qd8 13. Ng4 Qb6 14. Rb1 Na5 15. Nxf6+ Bxf6 16. Qh5 Nc4 17. Nf3 Nd6 18. Rfe1 Ne4 19. Ng5 Nxg5 20. Bxg5 Bxg5 21. Qxg5 Qd8 22. Qe5 Qc7 23. Qg5 h6 24. Qg4 Qb6 25. Re3 Rc7 26. Rg3 f5 27. Qh5 Kh8 28. Re1 Rcf7 29. Qg6 Re7 30. Re2 Qa6 31. Re1 Rf6 32. Qh5 Qxa2 33. Rg6 Rxg6 34. Qxg6 Qa6 35. f3 Kg8 36. Kf2 Qb6 37. Re2 Qc6 38. Re5 Qe8 39. Qxe8+ Rxe8 40. Re1 Kf7 41. Kg3 Rc8 42. Ra1 a6 43. Ra3 Rc6 44. Rb3 b5 45. Kf4 Kf6 46. g4 g5+ 47. Ke3 f4+ 48. Kd3 e5 49. dxe5+ Kxe5 50. Ra3 Rd6 51. Ra1 Kf6 52. Kd4 Re6 53. Kxd5 Kf7 54. Kc5 Kg7 55. b4 Kf7 56. c4 bxc4 57. Kxc4 Ke7 58. Rf1 Kd7 59. Kb3 Kc7 60. Ka4 Kb6 61. Rd1 Rc6 62. Rd3 Re6 63. Rd2 Rc6 64. Rd3 Re6 65. Rd2 Rc6 66. Rd3 1/2-1/2

[Event "46th GRE-chT Premier 2018"]
[Site "Rio Achaia"]
[Date "2018.07.15"]
[Round "7"]
[White "Papanagiotou, Argyro"]
[Black "Tafani, Kleinta"]
[Result "0-1"]
[WhiteElo "1037"]
[BlackElo "1102"]
[Annotator "NA"]
[PlyCount "48"]
[EventDate "2018.07.10"]
[EventType "team-tourn"]
[EventCountry "GRE"]
[SourceTitle "playchess.com"]
[Source "ChessBase"]
[SourceQuality "1"]

1. e4 c5 2. Nc3 Nc6 3. Bc4 Nf6 4. d3 e6 5. Nf3 d5 6. exd5 exd5 7. Bb3 Be7 8. O-O O-O 9. Ne2 Bg4 10. Nd2 Bd6 11. f3 Be6 12. a3 Qc7 13. g3 Bh3 14. Re1 h5 15. Kf2 c4 16. Nxc4 dxc4 17. Bxc4 Rfe8 18. Be3 Na5 19. b3 Nxc4 20. dxc4 Bc5 21. Nc3 Rad8 22. Qc1 Qd6 23. b4 Qd2+ 24. Qxd2 Rxd2+ 0-1